000
00327nam a2200145Ia 4500
008
210210b1916 xxu||||| |||| 00| 0 eng d
041
_a
eng
082
_a
825/1103
100
_a
GRAY
245
_a
Gosse
260
_a
London
_b
Macmillan & Co. Ltd.
_c
1916
650
_a
Gosse
690
_a
English Criticism
906
_a
015418
999
_c
134778
_d
134778